Anatomía y fisiología del cuerpo humano / (Registro nro. 908)
[ vista simple ]
| 000 -LEADER | |
|---|---|
| fixed length control field | 01154nam a2200313 a 4500 |
| 008 - CAMPO DE CONTROL (LIBRO) | |
| fixed length control field | 110830s2009 sp a f |||| 001 0 spa d |
| 020 ## - INTERNATIONAL STANDARD BOOK NUMBER | |
| ISBN | 9788448168902 |
| 041 ## - CODIGO DE IDIOMA | |
| Código de idioma del texto/pista de sonido o título separado | spa |
| 092 ## - SIGNATURA TOPOGRAFICA DEWEY LOCAL | |
| número de clasificación | 612 |
| libristica | 24 |
| sección | FER |
| 100 1# - ENTRADA PRINCIPAL--NOMBRE PERSONAL | |
| Nombre personal | Fernández Tresguerres, Jesús A. |
| 9 (RLIN) | 1230 |
| 245 ## - TITULO PROPIAMENTE DICHO | |
| Título | Anatomía y fisiología del cuerpo humano / |
| Mención de responsabilidad y remanente de la transcripción de la portada | Jesús A. Fernández Tresguerres |
| 250 ## - MENCION DE EDICION | |
| Mención de edición | 1a ed. |
| 260 ## - PIE DE IMPRENTA | |
| Lugar de publicación, distribución, etc | Madrid: |
| Nombre de la editorial, distribuidor, etc | McGraw-Hill; |
| Fecha de publicación | 2009. |
| 300 ## - DESCRIPCION FISICA | |
| Extension | 280 p. |
| Otros detalles físicos | il. |
| 500 ## - NOTA GENERAL | |
| Nota general | Fernández Tresguerres, J. A., Villanúa Bernués, M. A. y López-Calderón Barreda, A. (2009). Anatomía y fisiología del cuerpo humano. (1a ed.). Madrid : McGraw-Hill. |
| 590 ## - NOTAS LOCALES (RLIN) | |
| Nota local | Compra FACIMED, Agosto 2011 |
| 653 ## - TÉRMINO INDIZADO - PALABRAS CLAVES | |
| Palabra clave | Tejidos y sistema tegumentario |
| 653 ## - TÉRMINO INDIZADO - PALABRAS CLAVES | |
| Palabra clave | Aparato locomotor |
| 653 ## - TÉRMINO INDIZADO - PALABRAS CLAVES | |
| Palabra clave | Sistema nervioso |
| 653 ## - TÉRMINO INDIZADO - PALABRAS CLAVES | |
| Palabra clave | Sangre y sistema inmunitario |
| 653 ## - TÉRMINO INDIZADO - PALABRAS CLAVES | |
| Palabra clave | Sistema cardiovascular |
| 653 ## - TÉRMINO INDIZADO - PALABRAS CLAVES | |
| Palabra clave | Líquidos corporales y sistema renal |
| 653 ## - TÉRMINO INDIZADO - PALABRAS CLAVES | |
| Palabra clave | Sistema respiratorio |
| 653 ## - TÉRMINO INDIZADO - PALABRAS CLAVES | |
| Palabra clave | Sistema digestivo |
| 653 ## - TÉRMINO INDIZADO - PALABRAS CLAVES | |
| Palabra clave | Sistema endócrino |
| 700 1# - ENTRADAS SECUNDARIAS - NOMBRE PERSONAL | |
| Nombre personal | Villanúa Bernués, Mª. Angeles |
| 9 (RLIN) | 1231 |
| 700 1# - ENTRADAS SECUNDARIAS - NOMBRE PERSONAL | |
| Nombre personal | López-Calderón Barreda, Asunción |
| 9 (RLIN) | 1232 |
| 942 ## - ADDED ENTRY ELEMENTS (KOHA) | |
| Source of classification or shelving scheme | Dewey Decimal Classification |
| Item type | Libros |
| Estado de retiro | Existencia | Fuente de clasificación | Estado general | No para prestamo | Ubicación permanente | ubicación actual | Sala de ubicación | Fecha de adquisición | Total Checkouts | Total Renewals | Número de clasificación | Código de barras | Checked out | Date last seen | Date last borrowed | Número de ejemplar | Price effective from | Koha tipo de elemento (item) | Public note | Colección |
|---|---|---|---|---|---|---|---|---|---|---|---|---|---|---|---|---|---|---|---|---|
| Dewey Decimal Classification | Biblioteca Medicina | Biblioteca Medicina | Referencia | 30/08/2011 | 1 | 11 | 612 24 FER | 2432 | 01/03/2029 | 06/11/2014 | 15/09/2011 | ej.1 | 30/08/2011 | Libros | LIBRO DE CATEDRA | |||||
| Dewey Decimal Classification | Biblioteca Medicina | Biblioteca Medicina | Referencia | 30/08/2011 | 5 | 612 24 FER | 2433 | 06/11/2014 | 26/09/2014 | ej.2 | 30/08/2011 | Reference | LIBRO DE CONSULTA | Reference |